000 00757nam a2200289Ia 4500
005 20260324120312.0
008 008 260324s9999 xx 000 0 eng d
020 _a9781315796529
037 _aEBOOK
040 _aCRL
040 _beng
040 _cCRL
041 _2eng
041 _aeng
084 _qCRL
100 _aGeorgia Holleran; Ian Gilbert
_91158032
245 2 _aA Teacher's Companion to Essential Motivation in the Classroom
245 0 _bResources and activities to inspire and engage your students
260 _bTaylor and Francis
260 _c2015
365 _a
365 _b230
856 _uhttp://www.taylorfrancis.com/books/9781315796529
942 _cEBOOK
999 _c1749491
_d1749491